01013nam a2200229 a 450000100060000000300080000600500170001400800410003103500190007204000350009104100080012608200260013410000240016024502490018426000810043330000440051450200810055850400320063965000300067170000510070170000310075281306BD-RjUL20240121100607.0230323s2019 bg a|||| m||| 00| 0 eng d a(BD-RjUL)81306 aBD-RjULbengcBD-RjULdBD-RjUL aeng 223a617.585bSOC 2019 aSOHEL, DIN MOHAMMAD10aCorrection of Congenital Clubfoot by Ponseti Technique :bDeformity Assessment by Pirani Score and Comparative Outcome Study in Different Age Groups /cDIN MOHAMMAD SOHEL ;6Principal Supervisor : Niranjan Kumar Sana, Co-Supervisor : B. K. Dam. aRajshahi :bInstitute of Biological Sciences, University of Rajshahi,c2019. axviii, [1], 154 leaves :bill.;c29 cm. aThesis(Ph.D.)-- Institute of Biological Sciences,University of Rajshahi,2019 aReferences : Leaves 121-147 aSurgeryxClubfoot therapy aSana, Niranjan Kumar, Principal Supervisor  aDam, B. K. Co-Supervisor